000 00871nam a2200313 a 4500
003 AR-BaBNM
005 20251128202838.0
008 082120s2002 ||||||||||||||000 | spa||
040 _cAR-BaBNM
100 1 _aPuig, Juan de la C.
245 0 0 _aAntología de poetas argentinos
_bauroras y ocasos. 10
260 _aBuenos Aires
_bImprenta de Martín Biedma e Hijo
_c1910
300 _axl, 448 p.
500 _aContiene referencias biográficas y bibliográficas en p. ix
650 4 _aLITERATURA ARGENTINA
650 4 _aHISTORIA ARGENTINA
650 4 _aPOESIA
650 4 _aANTOLOGIAS
650 4 _aESCRITORES
650 4 _aHISTORIA LITERARIA
650 4 _aCOSTUMBRES Y TRADICIONES
650 4 _aBIOGRAFIAS
653 _aLITERATURA GAUCHESCA
653 _aMODERNISMO
653 _aSIMBOLISMO
655 _aLITERATURA
942 _cBK
998 _cMARTIN
999 _c861
_d861